| 000 -LEADER |
| fixed length control field |
00687nam a2200181 a 4500 |
| 020 ## - INTERNATIONAL STANDARD BOOK NUMBER |
| ISBN |
0697339394 |
| 020 ## - INTERNATIONAL STANDARD BOOK NUMBER |
| ISBN |
0697281140 |
| 040 ## - CATALOGING SOURCE |
| Transcribing agency |
DLC |
| 082 00 - DEWEY DECIMAL CLASSIFICATION NUMBER |
| Classification number |
301 BRO 1996 A077 Or. |
| 100 1# - MAIN ENTRY--AUTHOR NAME |
| Personal name |
Johnson, Allan G. |
| 245 10 - TITLE STATEMENT |
| Title |
Human arrangements : |
| Remainder of title |
an introduction to sociology / |
| 250 ## - EDITION STATEMENT |
| Edition statement |
4th ed. |
| 260 ## - PUBLICATION, DISTRIBUTION, ETC. (IMPRINT) |
| Place of publication |
Madison, Wis. : |
| Name of publisher |
Brown & Benchmark Publishers, |
| Year of publication |
c1996. |
| 300 ## - PHYSICAL DESCRIPTION |
| Number of Pages |
xvi, 510 p. : |
| Other physical details |
ill. (some col.) ; |
| Dimensions |
29 cm. + |
| Accompanying material |
6 booklets. |
| 500 ## - GENERAL NOTE |
| General note |
Accompanied by six booklets: Marriage and the family, Education and schools, Science, technology, and medicine, Economic arrangements, Political institutions, and Religious institutions. |
| 650 #0 - SUBJECT ADDED ENTRY--TOPICAL TERM |
| Topical Term |
Sociology. |
| 942 ## - ADDED ENTRY ELEMENTS (KOHA) |
| Koha item type |
សៀវភៅភាសាអង់គ្លេស |
| 952 ## - LOCATION AND ITEM INFORMATION (KOHA) |
| Withdrawn status [LOCAL, KOHA] |
0 |